| 000 | 00511nam a2200181Ia 4500 | ||
|---|---|---|---|
| 999 |
_c35416 _d35416 |
||
| 003 | OSt | ||
| 005 | 20201209125250.0 | ||
| 008 | 190216s9999||||xx |||||||||||||| ||und|| | ||
| 040 | _coclc | ||
| 082 |
_a301.18 _bSTE/M |
||
| 100 |
_aSteinberg, Rafael _97349 |
||
| 245 | 0 |
_aMan And Organization / _cRafael Steinberg |
|
| 250 | _a1st Ed. | ||
| 260 |
_bTime Life Books, _c1975. _aNew York; |
||
| 300 | _a176p | ||
| 650 | _aHuman Behavior | ||
| 942 |
_cREF _2ddc _h301.18 _iSTE/M _k301.18 _mSTE/M |
||